Tables for the purchasing and renewing of leases, for terms of years certain and for lives (Record no. 113605)

MARC details
000 -LEADER
fixed length control field 00767cam a22001935a 4500
001 - CONTROL NUMBER
control field L155493
008 - FIXED-LENGTH DATA ELEMENTS--GENERAL INFORMATION
fixed length control field 120326s1812 xxk f 000 0 eng d
035 ## - SYSTEM CONTROL NUMBER
System control number (Sirsi) u155493
041 0# - LANGUAGE CODE
Language code of text/sound track or separate title eng
100 1# - MAIN ENTRY--PERSONAL NAME
Personal name Baily, Francis
Dates associated with a name 1774-1844
245 00 - TITLE STATEMENT
Title Tables for the purchasing and renewing of leases, for terms of years certain and for lives
Remainder of title with rules for determining the value of the reversion of estates after any such leases, and for the solution of other useful problems, adapted to general use
250 ## - EDITION STATEMENT
Edition statement The 3rd ed.
260 ## - PUBLICATION, DISTRIBUTION, ETC.
Place of publication, distribution, etc. London
Name of publisher, distributor, etc. Sold by J. Richardson
Date of publication, distribution, etc. 1812
300 ## - PHYSICAL DESCRIPTION
Extent xxx, 111 p.
Dimensions 22 cm.
583 ## - ACTION NOTE
Action Condition reviewed
Time/date of action 20120620
Status condition level 1
651 #4 - SUBJECT ADDED ENTRY--GEOGRAPHIC NAME
Geographic name Great Britain
Chronological subdivision 1707-
690 ## - LOCAL SUBJECT ADDED ENTRY--TOPICAL TERM (OCLC, RLIN)
Topical term or geographic name as entry element Landlord and tenant
9 (RLIN) 6252
942 ## - ADDED ENTRY ELEMENTS (KOHA)
Suppress in OPAC 0
Holdings
Withdrawn status Lost status Source of classification or shelving scheme Damaged status Not for loan Home library Current library Shelving location Date acquired Total Checkouts Full call number Barcode Date last seen Copy number Price effective from Koha item type
    Dewey Decimal Classification     Historic collection Historic collection Historic collection 26/03/2012   OCTAVO 1812 BAILY 30075372 06/08/2019 1 06/08/2019 Book